000
00323 a2200121 4500
000
nam a22 7a 4500
005
20260318091946.0
020
_a
9788131614679
100
_a
Thorat S.
_9
1132360
245
_a
Confronting caste exclusion: academic journey in search
260
_b
Rawat Publication
_c
2025
942
_c
TEXL
999
_c
1715641
_d
1715641